Statistiques concernant Paroles - Caravane - Raphael

Cliquez ici pour prendre le quiz!

Statistiques générales

  • Ce quiz a été pris 98 fois
  • Le résultat moyen est 116 sur 174

Statistiques - réponses

Réponse% Correct
à
99%
caravane
97%
ce
96%
dans
96%
Je
96%
je
96%
cette
95%
la
95%
95%
ne
95%
le
93%
suis
93%
viens
93%
allez
92%
Allez
92%
Et
92%
nous
90%
Que
89%
que
89%
partons
88%
est
86%
les
86%
ma
86%
un
85%
plus
84%
ai
82%
y
82%
aux
79%
de
79%
nos
77%
peau
77%
larmes
75%
yeux
75%
j'ai
74%
j'en
74%
peu
73%
Est-ce
71%
jour
71%
qui
71%
tiennent
70%
attendre
68%
ensembles
68%
mains
68%
nuit
67%
qu'on
67%
sommes
67%
vertige
67%
aussi
66%
monde
66%
sera
66%
seule
66%
tremble
66%
Moi
64%
route
64%
C'est
63%
punis
63%
Bon
62%
chemise
62%
Dieu
62%
n'ai
62%
proches
62%
va
62%
une
60%
brise
58%
comme
58%
fait
58%
enfant
55%
reprendre
55%
vais
55%
peut
53%
vent
53%
mes
52%
ait
49%
faut
48%
justice
48%
seront
47%
qu'il
45%
arriver
44%
Puisqu'il
44%
rampe
42%
rien
42%
parce
41%
bientôt
40%
os
36%
Tu lu, tu tu
29%
Tu lu, tu tu tu
10%

Distribution des résultats

Percentile par nombre de réponses

% des personnes avec chaque résultat

Votre développement - résultats

Vous n’avez pas pris ce quiz